| 000 | 00584nam a2200217 a 4500 | ||
|---|---|---|---|
| 001 | 13727 | ||
| 003 | BD-JhCC | ||
| 005 | 20240319143332.0 | ||
| 008 | 240319b2021 bg |||| ||a| 001 0 eng d | ||
| 020 | _a9789845062879 | ||
| 035 | _a(BD-JhCC)13727 | ||
| 040 |
_aBD-JhCC _dBD-JhCC |
||
| 041 | _aenglish | ||
| 082 |
_a910.4 _bQUA 2021 |
||
| 100 | _aQuadir,Ayesha Shireen | ||
| 245 |
_aIn The Land of Dragons / _cAyesha Shireen Quadir. |
||
| 260 |
_aDhaka: _bThe University Press Limited; _c 2021. |
||
| 300 |
_a36 p. : _c18 cm. |
||
| 650 | _a Memories on Travel | ||
| 942 |
_2ddc _cBK |
||
| 999 |
_c13727 _d13727 |
||